| 000 | 00685cam a2200241 i 4500 | ||
|---|---|---|---|
| 999 |
_c8178 _d8178 |
||
| 001 | 3634652 | ||
| 003 | GBCCL | ||
| 005 | 20241126110645.0 | ||
| 008 | 751022s1975 mnu 000 0 eng | ||
| 010 | _a 75022710 | ||
| 020 |
_a0806615133 : _c$2.50 |
||
| 040 |
_aDLC _cDLC _dDLC |
||
| 050 | 1 | 0 |
_aBS600.2 _b.W28 1975 |
| 082 | 0 | 0 |
_a220.07 _bWAL |
| 100 | 1 |
_aWald, Oletta. _914238 |
|
| 245 | 1 | 4 |
_aThe joy of discovery in Bible study / _cOletta Wald. |
| 250 | _aRev. ed. | ||
| 260 |
_aMinneapolis : _bAugsburg Pub. House, _cc1975. |
||
| 300 |
_a96 p. ; _c22 cm. |
||
| 630 | 0 | 0 |
_aBible _xStudy and teaching. _9498 |
| 906 |
_a7 _bcbc _corignew _d2 _eocip _f19 _gy-gencatlg |
||
| 942 |
_2ddc _cBK _01 |
||